00973nam a22002777a 4500003000500000005001700005008004100022010001000063011001000073020001500083035001100098040000900109082001500118100003400133245019100167260003700358300002000395490005900415650003200474650001900506650004300525650003500568650002400603650000900627830005900636CHAP20220329143242.0070903d2007 mx r 00110 spa d a93962 a94934 a9680203344 a105536 cCHAP04a630.71bS500aSánchez Cobo, Lauraecoord.10aLa preparatoria agrícola y sus protagonistas en la construccion de la Universidad Autónoma Chapingo :bcuarenta años de vida académicac/coord. por Laura Sánchez Cobo [y otros] aChapingo, Méx. :bUACH.,c2007 a332 p. :bilus. 0aLa Universidad Autónoma Chapingo y sus Protagonistas14aEducación media superior.14aENAxHistoria.14aEscuelas agrícolaszMéxico (Edo.).14aInvestigación participativa.14aMovimiento laboral.14aUACH 0aLa Universidad Autónoma Chapingo y sus Protagonistas